[Event "Florianopolis op 9th"]
[Site "Florianopolis"]
[Date "2023.01.29"]
[Round "10"]
[White "Spieker, Otavio Schmidt"]
[Black "Bisesar, Maycon da Costa"]
[Result "0-1"]
[WhiteElo "1352"]
[BlackElo "1760"]
[PlyCount "88"]
[EventDate "2023.01.23"]
[EventType "swiss"]
[EventRounds "10"]
[EventCountry "BRA"]
[SourceTitle "CBM 212 Extra"]
[Source "ChessBase"]
[SourceDate "2023.03.31"]
[SourceVersion "1"]
[SourceVersionDate "2023.03.31"]
[SourceQuality "1"]

1. e4 d6 2. d4 Nf6 3. Nc3 g6 4. Nf3 Bg7 5. Be3 0-0 6. h3 Nc6 7. Bd3 e5 8. d5 Ne7 9. 0-0 Nxe4 10. Bxe4 f5 11. Qc1 fxe4 12. Nxe4 Nxd5 13. Bh6 Nf4 14. Bxf4 Rxf4 15. Qd1 Be6 16. Neg5 Qe7 17. Nxe6 Qxe6 18. Re1 Raf8 19. Rf1 Rxf3 20. gxf3 Qxh3 21. Qd5+ Kh8 22. Rfe1 Rxf3 23. Re3 Rxe3 24. fxe3 Qxe3+ 25. Kh1 Qh3+ 26. Kg1 Bh6 27. Qg2 Be3+ 28. Kf1 Qf5+ 29. Ke1 h5 30. Qf1 Qxc2 31. Qf8+ Kh7 32. Qf7+ Kh6 33. Qf8+ Kg5 34. Qe7+ Kg4 35. Qe6+ Qf5 36. Qxf5+ Kxf5 37. Ke2 Bf4 38. Rd1 g5 39. Rh1 h4 40. Rd1 h3 41. Kf2 g4 42. Rd3 g3+ 43. Ke2 h2 44. Kd1 g2 0-1

[Event "Timbo U2200 op 2nd"]
[Site "Timbo"]
[Date "2022.08.14"]
[Round "5"]
[White "Moyses Sobrinho, Elias"]
[Black "Bisesar, Maycon da Costa"]
[Result "1-0"]
[WhiteElo "1793"]
[BlackElo "1765"]
[PlyCount "71"]
[EventDate "2022.08.12"]
[EventType "swiss"]
[EventRounds "6"]
[EventCountry "BRA"]
[SourceTitle "EXT 2024"]
[Source "ChessBase"]
[SourceDate "2023.10.10"]
[SourceVersion "1"]
[SourceVersionDate "2023.10.10"]
[SourceQuality "1"]

1. d4 Nf6 2. c4 g6 3. Nc3 Bg7 4. e4 d6 5. Nf3 0-0 6. Be2 e5 7. dxe5 dxe5 8. Qxd8 Rxd8 9. Bg5 Re8 10. Nd5 Nxd5 11. cxd5 c6 12. Bc4 b5 13. Bb3 c5 14. a4 Ba6 15. axb5 Bxb5 16. Ba4 Bxa4 17. Rxa4 Nd7 18. 0-0 Reb8 19. Ra2 Rb4 20. Nd2 h6 21. Be3 f5 22. f3 Bf8 23. Rfa1 f4 24. Bf2 a5 25. b3 Rb5 26. h3 Bd6 27. Nc4 Bc7 28. Ra3 Rab8 29. Nxa5 Bxa5 30. Rxa5 Rxb3 31. Bxc5 Rb1+ 32. Rxb1 Rxb1+ 33. Kh2 Nxc5 34. Rxc5 Rd1 35. Rc6 Kf7 36. Re6 1-0

[Event "Pan American-ch U2000"]
[Site "Timbo"]
[Date "2021.12.01"]
[Round "2"]
[White "Bisesar, Maycon da Costa"]
[Black "Silva, Guilherme Henrique"]
[Result "1/2-1/2"]
[WhiteElo "1773"]
[BlackElo "1925"]
[PlyCount "101"]
[EventDate "2021.12.01"]
[EventType "swiss"]
[EventRounds "9"]
[EventCountry "BRA"]
[SourceTitle "CBM 205 Extra"]
[Source "ChessBase"]
[SourceDate "2022.01.31"]
[SourceVersion "1"]
[SourceVersionDate "2022.01.31"]
[SourceQuality "1"]

1. d4 Nf6 2. c4 c5 3. e3 g6 4. Nc3 Bg7 5. Nf3 0-0 6. Be2 cxd4 7. exd4 d5 8. h3 a6 9. Be3 dxc4 10. Bxc4 b5 11. Be2 Bb7 12. 0-0 Nbd7 13. Qb3 Nb6 14. Rfd1 Nfd5 15. Nxd5 Bxd5 16. Qb4 Qc7 17. b3 Qb7 18. Qd2 Rfd8 19. Bh6 Bf6 20. Bg5 Bg7 21. Bh6 Bh8 22. Qf4 Rac8 23. Rac1 Nd7 24. Rxc8 Rxc8 25. Rc1 Rxc1+ 26. Qxc1 Nf6 27. Be3 b4 28. Qc5 Ne4 29. Qa5 Nc3 30. Bxa6 Qb8 31. Qc5 Bf6 32. Bc4 Bxf3 33. gxf3 Nxa2 34. Qc6 Nc3 35. Kg2 Kg7 36. Qd7 Nb1 37. Qd5 e6 38. Qd7 Kg8 39. Bh6 Qd8 40. Qb5 Bxd4 41. Qxb4 Bf6 42. Be3 Nc3 43. Qc5 Nd5 44. Qa7 Nxe3+ 45. Qxe3 Qb8 46. Qe4 Kg7 47. Qg4 Qb4 48. Bxe6 Qxg4+ 49. Bxg4 Bc3 50. Bc8 Kf6 51. Ba6 1/2-1/2

[Event "BRA-ch 87th"]
[Site "Cuiaba"]
[Date "2021.10.31"]
[Round "5"]
[White "Bisesar, Maycon da Costa"]
[Black "Zakowicz, Rafael"]
[Result "0-1"]
[WhiteElo "1742"]
[BlackElo "1932"]
[PlyCount "130"]
[EventDate "2021.10.28"]
[EventType "swiss"]
[EventRounds "11"]
[EventCountry "BRA"]
[SourceTitle "CBM 205 Extra"]
[Source "ChessBase"]
[SourceDate "2022.01.31"]
[SourceVersion "1"]
[SourceVersionDate "2022.01.31"]
[SourceQuality "1"]

1. d4 d5 2. c4 e6 3. cxd5 exd5 4. Nc3 Nf6 5. Nf3 Be7 6. Bf4 0-0 7. e3 c6 8. h3 Qa5 9. Bd3 Bb4 10. Qc2 Ne4 11. Bxe4 dxe4 12. Nd2 Re8 13. a3 Nd7 14. Nb3 Bxc3+ 15. Qxc3 Qh5 16. Qa5 Qg6 17. Qg5 Qe6 18. Nc5 Nxc5 19. Qxc5 b6 20. Qe5 Qd7 21. Qd6 Qf5 22. 0-0 Ba6 23. Rfc1 Re6 24. Qc7 Rg6 25. Rxc6 Rc8 26. Rd6 h6 27. Rd8+ Rxd8 28. Qxd8+ Kh7 29. Bg3 Qb5 30. Qe7 Qxb2 31. Re1 Qc3 32. Qb4 Rc6 33. Qxc3 Rxc3 34. Bb8 Rxa3 35. Bxa7 Rb3 36. d5 Kg6 37. Rc1 Bb7 38. d6 Kf6 39. Rc7 Bd5 40. Re7 Rb1+ 41. Kh2 Bc6 42. Rc7 Bd5 43. Re7 Bc6 44. Bb8 Rd1 45. Ra7 Ke6 46. Re7+ Kf6 47. Ra7 b5 48. Ra6 Bd7 49. Ba7 Ke6 50. Bd4 g5 51. Rb6 f5 52. Rb8 Kxd6 53. Rh8 f4 54. Rxh6+ Kd5 55. Rh5 Rxd4 56. Rxg5+ Kc4 57. exd4 b4 58. Rc5+ Kxd4 59. Rc1 Bf5 60. Kg1 e3 61. fxe3+ fxe3 62. Kf1 b3 63. Rd1+ Bd3+ 64. Ke1 b2 65. g4 e2 0-1

[Event "BRA-ch 87th"]
[Site "Cuiaba"]
[Date "2021.10.31"]
[Round "6"]
[White "Cella, Glaucio Dalla Cortt"]
[Black "Bisesar, Maycon da Costa"]
[Result "1-0"]
[WhiteElo "1961"]
[BlackElo "1742"]
[PlyCount "43"]
[EventDate "2021.10.28"]
[EventType "swiss"]
[EventRounds "11"]
[EventCountry "BRA"]
[SourceTitle "CBM 205 Extra"]
[Source "ChessBase"]
[SourceDate "2022.01.31"]
[SourceVersion "1"]
[SourceVersionDate "2022.01.31"]
[SourceQuality "1"]

1. e4 d6 2. d4 Nf6 3. f3 g6 4. c4 Bg7 5. Nc3 Nbd7 6. Be3 e5 7. d5 a5 8. Nge2 b6 9. g4 Nc5 10. Ng3 h5 11. g5 Nh7 12. h4 Bd7 13. Qc2 Rf8 14. 0-0-0 Qe7 15. Re1 0-0-0 16. a3 Kb8 17. b4 Nb7 18. Qb3 Qe8 19. c5 dxc5 20. bxc5 c6 21. Qxb6 Ka8 22. Nb5 1-0

[Event "BRA-ch 87th"]
[Site "Cuiaba"]
[Date "2021.10.30"]
[Round "4"]
[White "Baeta, Marcio Netto"]
[Black "Bisesar, Maycon da Costa"]
[Result "1/2-1/2"]
[WhiteElo "1906"]
[BlackElo "1742"]
[PlyCount "113"]
[EventDate "2021.10.28"]
[EventType "swiss"]
[EventRounds "11"]
[EventCountry "BRA"]
[SourceTitle "CBM 205 Extra"]
[Source "ChessBase"]
[SourceDate "2022.01.31"]
[SourceVersion "1"]
[SourceVersionDate "2022.01.31"]
[SourceQuality "1"]

1. e4 d6 2. f4 Nf6 3. Nc3 g6 4. d4 Bg7 5. e5 dxe5 6. fxe5 Nd5 7. Bc4 Nb6 8. Bb3 Nc6 9. Be3 Na5 10. Qe2 Nxb3 11. axb3 Nd5 12. Bd2 0-0 13. Nxd5 Qxd5 14. Nf3 b6 15. c4 Qd8 16. Qe4 Bf5 17. Qe3 Bc8 18. Bc3 Bb7 19. 0-0 Bxf3 20. Rxf3 f5 21. d5 a5 22. e6 Bxc3 23. bxc3 Qd6 24. Rd1 a4 25. b4 c5 26. Qh6 Qe5 27. Re3 Qf6 28. d6 a3 29. Rh3 Qg7 30. Qxg7+ Kxg7 31. d7 a2 32. Ra1 f4 33. Rd3 Kf6 34. d8Q Rfxd8 35. Rxd8 Rxd8 36. Rxa2 cxb4 37. cxb4 Kxe6 38. Re2+ Kf6 39. Kf2 e5 40. Rc2 Kf5 41. c5 Rc8 42. Ke1 bxc5 43. bxc5 Rc6 44. g3 g5 45. h4 h6 46. hxg5 hxg5 47. gxf4 gxf4 48. Kd1 Ke4 49. Ke2 Kd4 50. Kf3 Rxc5 51. Rd2+ Kc3 52. Rd8 Kc2 53. Ke4 Kc1 54. Rd7 Rc3 55. Kxe5 f3 56. Ke4 f2 57. Rf7 1/2-1/2

[Event "Manaus Regional Norte-ch"]
[Site "Manaus"]
[Date "2017.09.08"]
[Round "3"]
[White "Bisesar, Maycon da Costa"]
[Black "Farias, Sergio Luiz Cardoso"]
[Result "1/2-1/2"]
[WhiteElo "1780"]
[BlackElo "1583"]
[PlyCount "88"]
[EventDate "2017.09.07"]
[EventType "swiss"]
[EventRounds "7"]
[EventCountry "BRA"]
[SourceTitle "CBM 180 Extra"]
[Source "ChessBase"]
[SourceDate "2017.10.06"]
[SourceVersion "1"]
[SourceVersionDate "2017.10.06"]
[SourceQuality "1"]

1. d4 Nf6 2. c4 g6 3. Nc3 Bg7 4. Nf3 0-0 5. e4 d6 6. Be2 c6 7. 0-0 Nbd7 8. Bg5 h6 9. Bd2 e5 10. dxe5 Nxe5 11. Nxe5 dxe5 12. Qc1 g5 13. Rd1 Qc7 14. h4 gxh4 15. Bxh6 Nh7 16. Bxg7 Kxg7 17. Qe3 Qe7 18. Rd3 f5 19. exf5 Bxf5 20. Ne4 h3 21. g4 Bxe4 22. Qxe4 Rf4 23. Qh1 Qh4 24. Qh2 Raf8 25. Rxh3 Qxf2+ 26. Qxf2 Rxf2 27. Re3 Ng5 28. Rf1 Rxf1+ 29. Bxf1 e4 30. Bg2 Rf4 31. b4 Rxg4 32. Kf2 Kf6 33. a4 Ke5 34. Bf1 Ne6 35. Be2 Rf4+ 36. Ke1 Nd4 37. Rc3 Nxe2 38. Kxe2 Kd4 39. Rc1 Rf3 40. c5 Ra3 41. Rd1+ Rd3 42. Rc1 e3 43. Rh1 Rd2+ 44. Ke1 Rb2 1/2-1/2

[Event "Manaus Regional Norte-ch"]
[Site "Manaus"]
[Date "2017.09.07"]
[Round "2"]
[White "Da Silva, Deomar Cesar Cheres"]
[Black "Bisesar, Maycon da Costa"]
[Result "1/2-1/2"]
[WhiteElo "1865"]
[BlackElo "1780"]
[PlyCount "41"]
[EventDate "2017.09.07"]
[EventType "swiss"]
[EventRounds "7"]
[EventCountry "BRA"]
[SourceTitle "CBM 180 Extra"]
[Source "ChessBase"]
[SourceDate "2017.10.06"]
[SourceVersion "1"]
[SourceVersionDate "2017.10.06"]
[SourceQuality "1"]

1. Nf3 Nf6 2. g3 g6 3. Bg2 Bg7 4. 0-0 d5 5. d4 0-0 6. Bg5 Bg4 7. Bxf6 Bxf6 8. c3 Bxf3 9. Bxf3 c6 10. Nd2 Nd7 11. Bg2 e5 12. dxe5 Nxe5 13. Nf3 Nxf3+ 14. Bxf3 d4 15. cxd4 Qxd4 16. Qxd4 Bxd4 17. Rab1 Rad8 18. e3 Bg7 19. b3 Rd2 20. a4 Rfd8 21. Rfd1 1/2-1/2

[Event "Roraima zt"]
[Site "Boa Vista"]
[Date "2017.09.01"]
[Round "1"]
[White "Lima, Endson dos Santos"]
[Black "Bisesar, Maycon da Costa"]
[Result "1-0"]
[WhiteElo "2092"]
[BlackElo "1856"]
[PlyCount "115"]
[EventDate "2017.09.01"]
[EventType "swiss"]
[EventRounds "5"]
[EventCountry "BRA"]
[SourceTitle "EXT 2019"]
[Source "ChessBase"]
[SourceDate "2018.10.10"]
[SourceVersion "1"]
[SourceVersionDate "2018.10.10"]
[SourceQuality "1"]

1. e4 Nf6 2. e5 Nd5 3. Nc3 Nxc3 4. bxc3 d5 5. d4 Bf5 6. Bd3 Bg6 7. Ne2 e6 8. Nf4 Be7 9. Qg4 h5 10. Qg3 h4 11. Qg4 Bxd3 12. Qxg7 Rh7 13. Qg8+ Kd7 14. Qxd8+ Kxd8 15. cxd3 Nd7 16. Ke2 b5 17. Bd2 Nb6 18. g3 Kd7 19. g4 c5 20. Nh5 c4 21. dxc4 Nxc4 22. a4 Nxd2 23. Kxd2 b4 24. cxb4 Bxb4+ 25. Kd3 Rhh8 26. Nf6+ Ke7 27. a5 Rhc8 28. Rhb1 Rc3+ 29. Kd2 Rc4+ 30. Kd3 Rac8 31. Ra4 Rc3+ 32. Ke2 Rc2+ 33. Kf1 Bd2 34. Rb7+ R8c7 35. a6 Bf4 36. Rab4 Kd8 37. Kg2 Bg5 38. Rb8+ Rc8 39. R4b7 Rxb8 40. Rxb8+ Rc8 41. Rb7 Rc7 42. Rb3 Rc6 43. Rb8+ Rc8 44. Rb5 Rc4 45. Rb7 Rc7 46. Rb1 Rc6 47. Rb8+ Rc8 48. Rb7 Rc7 49. Rxc7 Kxc7 50. Ne8+ Kb6 51. Nd6 Kxa6 52. Nxf7 Be7 53. g5 Kb5 54. g6 Bf8 55. Nd8 a5 56. Nxe6 Bh6 57. Nc5 Kc6 58. f4 1-0

[Event "Anapolis Liga University"]
[Site "Anapolis"]
[Date "2014.05.31"]
[Round "7.8"]
[White "Bisesar, Maycon da Costa"]
[Black "Da Costa, Rafael Felix Ribeir"]
[Result "0-1"]
[WhiteElo "1799"]
[BlackElo "1935"]
[PlyCount "84"]
[EventDate "2014.05.28"]
[EventType "swiss"]
[EventRounds "7"]
[EventCountry "BRA"]
[SourceTitle "EXT 2022"]
[Source "ChessBase"]
[SourceDate "2021.10.06"]
[SourceVersion "1"]
[SourceVersionDate "2021.10.06"]
[SourceQuality "1"]

1. d4 Nf6 2. c4 g6 3. Nc3 Bg7 4. e4 d6 5. f3 a6 6. Be3 Nbd7 7. Nge2 c5 8. d5 Qa5 9. Nc1 Nxe4 10. fxe4 Bxc3+ 11. Bd2 Bxd2+ 12. Qxd2 Qxd2+ 13. Kxd2 Ne5 14. h3 Bd7 15. a4 0-0 16. Nb3 f5 17. exf5 Rxf5 18. Be2 Rf2 19. g4 Nxc4+ 20. Ke1 Rf4 21. Ra2 Ne5 22. a5 Raf8 23. Ra3 c4 24. Nc1 Rd4 25. Rc3 Rxd5 26. Bxc4 Nxc4 27. Rxc4 Bc6 28. Rg1 Rxa5 29. Rg3 Re5+ 30. Kd2 Rf2+ 31. Kc3 Rf3+ 32. Rxf3 Bxf3 33. Rf4 Bc6 34. h4 Re4 35. Rxe4 Bxe4 36. Kd4 Bc6 37. Nd3 e5+ 38. Ke3 Kf7 39. Nf2 Ke6 40. Nh3 h6 41. g5 h5 42. Nf2 Kf5 0-1

[Event "Anapolis Liga University"]
[Site "Anapolis"]
[Date "2014.05.30"]
[Round "5.12"]
[White "Bisesar, Maycon da Costa"]
[Black "Brandrao, Luiz Gustavo Alves"]
[Result "1-0"]
[WhiteElo "1799"]
[BlackElo "1787"]
[PlyCount "65"]
[EventDate "2014.05.28"]
[EventType "swiss"]
[EventRounds "7"]
[EventCountry "BRA"]
[SourceTitle "EXT 2022"]
[Source "ChessBase"]
[SourceDate "2021.10.06"]
[SourceVersion "1"]
[SourceVersionDate "2021.10.06"]
[SourceQuality "1"]

1. c4 g6 2. Nc3 Bg7 3. Nf3 d6 4. g3 e5 5. Bg2 Nc6 6. 0-0 Be6 7. d3 Qd7 8. Nd5 h6 9. Qa4 Nge7 10. e4 0-0 11. Bxh6 Bxd5 12. Bxg7 Kxg7 13. cxd5 Nb8 14. Qxd7 Nxd7 15. d4 c6 16. Bh3 f5 17. Ng5 cxd5 18. Ne6+ Kh6 19. Nxf8 Rxf8 20. exf5 gxf5 21. dxe5 dxe5 22. Rfc1 Nc6 23. Kf1 Kg5 24. Bg2 Nf6 25. Rc5 Rd8 26. f3 Kg6 27. a3 d4 28. b4 Rd6 29. b5 Na5 30. Rxe5 Nb3 31. Rd1 a5 32. Bh3 Rd5 33. Bxf5+ 1-0

[Event "Anapolis Liga University"]
[Site "Anapolis"]
[Date "2014.05.29"]
[Round "3.7"]
[White "Bisesar, Maycon da Costa"]
[Black "Rocha, Vitor Firmo de Souz"]
[Result "0-1"]
[WhiteElo "1799"]
[BlackElo "2037"]
[PlyCount "120"]
[EventDate "2014.05.28"]
[EventType "swiss"]
[EventRounds "7"]
[EventCountry "BRA"]
[SourceTitle "EXT 2022"]
[Source "ChessBase"]
[SourceDate "2021.10.06"]
[SourceVersion "1"]
[SourceVersionDate "2021.10.06"]
[SourceQuality "1"]

1. c4 e6 2. Nc3 d5 3. d4 c6 4. cxd5 exd5 5. Nf3 Bd6 6. g3 Bf5 7. Bg2 Nd7 8. 0-0 Ne7 9. Nh4 Be6 10. e4 Nb6 11. a3 Qd7 12. Re1 0-0 13. Nf3 h6 14. b3 Ng6 15. Bb2 Be7 16. h4 Bg4 17. Qd3 Rfe8 18. Nh2 Bh3 19. Bf3 Be6 20. Nd1 dxe4 21. Bxe4 Nd5 22. Ne3 Nxe3 23. fxe3 Qc7 24. Kg2 Nf8 25. Bf3 Bd6 26. Nf1 Qd7 27. Nh2 Ng6 28. Kf2 Nxh4 29. gxh4 Bxh2 30. Rh1 Qd6 31. Ke2 Qg3 32. Rhf1 Bh3 33. Bc3 Bxf1+ 34. Rxf1 Bg1 35. e4 Rad8 36. Qc4 Bh2 37. Be1 Qf4 38. Bf2 Rxe4+ 39. Bxe4 Qxe4+ 40. Be3 Qd5 41. Qd3 c5 42. Rf5 Qg2+ 43. Rf2 Qg4+ 44. Kf1 Qh3+ 45. Ke2 cxd4 46. Rf3 Qxh4 47. Bf2 Re8+ 48. Kf1 Qe4 49. Bxd4 Qxd3+ 50. Rxd3 Rd8 51. Ke2 a6 52. Bf2 Rxd3 53. Kxd3 Kf8 54. Kc4 Ke7 55. Kd5 f5 56. b4 g5 57. a4 Kd7 58. b5 axb5 59. axb5 h5 60. b6 Bf4 0-1

[Event "Goiania-ch U26"]
[Site "Goiania"]
[Date "2013.10.27"]
[Round "6"]
[White "Bisesar, Maycon da Costa"]
[Black "Cabral Filho, Valberto Alves"]
[Result "0-1"]
[WhiteElo "1793"]
[BlackElo "1813"]
[PlyCount "98"]
[EventDate "2013.10.24"]
[EventType "swiss"]
[EventRounds "7"]
[EventCountry "BRA"]
[SourceTitle "EXT 2014"]
[Source "ChessBase"]
[SourceDate "2013.11.20"]
[SourceVersion "1"]
[SourceVersionDate "2013.11.20"]
[SourceQuality "1"]

1. c4 Nf6 2. Nc3 e6 3. Nf3 d5 4. d4 c6 5. cxd5 exd5 6. Bg5 Be7 7. Bxf6 Bxf6 8. e4 dxe4 9. Nxe4 Qe7 10. Qe2 0-0 11. Nxf6+ Qxf6 12. Qe5 Qg6 13. 0-0-0 f6 14. Bc4+ Kh8 15. Qg3 Qh6+ 16. Kb1 Bf5+ 17. Ka1 b5 18. Bb3 Nd7 19. Nh4 Be4 20. f3 Bd5 21. Nf5 Qg5 22. Qxg5 fxg5 23. Bxd5 cxd5 24. Ne7 Nb6 25. h4 gxh4 26. Rxh4 Rfe8 27. Ng6+ Kg8 28. Ne5 Nc4 29. Nxc4 dxc4 30. Re4 Red8 31. d5 Rd6 32. f4 Rad8 33. Re5 Kf7 34. g4 h6 35. Kb1 a6 36. Kc2 Rf6 37. Rd4 Rfd6 38. Kc3 a5 39. a4 bxa4 40. Kxc4 Rb6 41. Re2 Rc8+ 42. Kd3 Rb4 43. Rxb4 axb4 44. Re5 Rb8 45. Kc4 b3 46. Kc5 a3 47. Kc4 axb2 48. Re1 Rc8+ 49. Kxb3 Rc1 0-1

[Event "Goiania-ch U26"]
[Site "Goiania"]
[Date "2013.10.26"]
[Round "5"]
[White "Da Fonseca, Rafael Dias"]
[Black "Bisesar, Maycon da Costa"]
[Result "1/2-1/2"]
[WhiteElo "1735"]
[BlackElo "1793"]
[PlyCount "98"]
[EventDate "2013.10.24"]
[EventType "swiss"]
[EventRounds "7"]
[EventCountry "BRA"]
[SourceTitle "EXT 2014"]
[Source "ChessBase"]
[SourceDate "2013.11.20"]
[SourceVersion "1"]
[SourceVersionDate "2013.11.20"]
[SourceQuality "1"]

1. d4 Nf6 2. Nf3 g6 3. Bf4 Bg7 4. e3 0-0 5. Bc4 d5 6. Bd3 Nbd7 7. 0-0 Nh5 8. Bg3 Nxg3 9. hxg3 f5 10. c4 e6 11. Nc3 c6 12. cxd5 exd5 13. Nd2 Nf6 14. Be2 Qd7 15. Re1 Qd6 16. f4 Re8 17. Bf3 b6 18. a3 Bd7 19. Rc1 Re7 20. Nf1 Rae8 21. b4 b5 22. Rc2 a6 23. Qc1 h5 24. Nd1 Ng4 25. Bxg4 hxg4 26. Nd2 Bxd4 27. Nb3 Bb6 28. Nc5 Bxc5 29. Rxc5 Re4 30. Nb2 Qe6 31. Kf2 d4 32. Nd3 dxe3+ 33. Ke2 Qa2+ 34. Rc2 Qe6 35. Qb2 Rc4 36. Rxc4 Qxc4 37. Rh1 Re4 38. Rc1 Qd4 39. Qxd4 Rxd4 40. Kxe3 Rd6 41. Ne5 Be8 42. Rc3 Kg7 43. Rd3 Re6 44. Rd8 Kf6 45. Kd4 Ke7 46. Ra8 Rd6+ 47. Kc5 Rd2 48. Ra7+ Ke6 49. Ra8 Ke7 1/2-1/2

[Event "Goiania-ch U26"]
[Site "Goiania"]
[Date "2013.10.25"]
[Round "3"]
[White "Dos Santos, Jose Genisson Cami"]
[Black "Bisesar, Maycon da Costa"]
[Result "1-0"]
[WhiteElo "2025"]
[BlackElo "1793"]
[PlyCount "55"]
[EventDate "2013.10.24"]
[EventType "swiss"]
[EventRounds "7"]
[EventCountry "BRA"]
[SourceTitle "EXT 2014"]
[Source "ChessBase"]
[SourceDate "2013.11.20"]
[SourceVersion "1"]
[SourceVersionDate "2013.11.20"]
[SourceQuality "1"]

1. e4 c5 2. Nf3 d6 3. d4 cxd4 4. Nxd4 Nf6 5. Nc3 g6 6. Be3 Bg7 7. f3 0-0 8. Bc4 Nc6 9. Bb3 Bd7 10. Qd2 Rc8 11. 0-0-0 Re8 12. Kb1 Ne5 13. g4 Nc4 14. Bxc4 Rxc4 15. h4 h5 16. gxh5 Nxh5 17. b3 Rc8 18. Nde2 a5 19. Bd4 Be6 20. Bxg7 Kxg7 21. Qd4+ Kh7 22. Nd5 Rc5 23. Ndf4 Nxf4 24. Nxf4 Bxb3 25. axb3 e5 26. Qxc5 dxc5 27. Rxd8 Rxd8 28. Nd3 1-0

[Event "Roraima op"]
[Site "Roraima"]
[Date "2013.09.14"]
[Round "4"]
[White "Bisesar, Maycon da Costa"]
[Black "Da Silva, Mikhail Zoltan Iwan"]
[Result "0-1"]
[WhiteElo "1808"]
[BlackElo "1996"]
[PlyCount "98"]
[EventDate "2013.09.13"]
[EventType "swiss"]
[EventRounds "6"]
[EventCountry "BRA"]
[SourceTitle "CBM 156 Extra"]
[Source "ChessBase"]
[SourceDate "2013.10.22"]
[SourceVersion "1"]
[SourceVersionDate "2013.10.22"]
[SourceQuality "1"]

1. c4 c5 2. Nc3 Nc6 3. Nf3 e6 4. e4 d6 5. d4 cxd4 6. Nxd4 Nf6 7. Be2 Be7 8. 0-0 Qb6 9. Nxc6 bxc6 10. Kh1 Bb7 11. f4 Rd8 12. Qd3 a6 13. Qg3 g6 14. Rb1 d5 15. e5 Nd7 16. cxd5 cxd5 17. Na4 Qc6 18. b3 Nc5 19. Nxc5 Qxc5 20. Bb2 h5 21. Rfc1 Qa5 22. a4 h4 23. Qd3 h3 24. g3 d4+ 25. Bf3 Bd5 26. Kg1 Bxf3 27. Qxf3 d3 28. Qc6+ Kf8 29. Bc3 Qc5+ 30. Qxc5 Bxc5+ 31. Kf1 Be3 32. Rd1 Kg7 33. Bd2 Ba7 34. Rbc1 Rc8 35. Rxc8 Rxc8 36. Rc1 Rc2 37. Rxc2 dxc2 38. Ke2 Bg1 39. Kf3 Bd4 40. Bc1 Bg1 41. Kg4 Bxh2 42. Kxh3 Bg1 43. Kg2 Bc5 44. Kf3 f6 45. exf6+ Kxf6 46. g4 e5 47. Ke4 exf4 48. Kxf4 Bf8 49. Ke4 Bh6 0-1